00287nam a22001097a 4500082002700000100001600027245003500043260004100078300001300119526003700132650000800169 a629.25bKUNcL-17, P-4 aJuns, Ray F aAutomobile enginescRay F.Kuns aLondonbThe Technical Pres Ltdc1950 a732 p. : a0b0c0d629_250000000000000_KUN aMCE